|
ห้องสมุด วิทยาลัยพยาบาลบรมราชชนนี อุดรธานี
Boromarajonani College of Nursing, Udonthani
|


|
mysqli: Table './ulib2015/stat_globaluid' is marked as crashed and last (automatic?) repair failed
select id from stat_globaluid where statuid='20260417213721_605'
mysqli: Table './ulib2015/stat_globaluid' is marked as crashed and last (automatic?) repair failed
DELETE FROM stat_globaluid
WHERE id NOT IN (
SELECT id
FROM (
SELECT id
FROM stat_globaluid
ORDER BY id DESC
LIMIT 100
) foo
);
mysqli: Table './ulib2015/stat_globaluid' is marked as crashed and last (automatic?) repair failed
insert into stat_globaluid set
statuid='20260417213721_605',
dt='1776436641',
phpself='/ULIB/dublinfull.php',
agent='Mozilla/5.0 AppleWebKit/537.36 (KHTML, like Gecko; compatible; ClaudeBot/1.0; +claudebot@anthropic.com)',
yea='2026',
mon='4',
dat='17',
ip='216.73.216.55'
| LEADER 00674nam 2200229 a 4500 |
| 001 12288 |
| 003 ULIBM |
| 008 150811s2543 th m a001 0 tha d |
| 020 ^a974-8059-52-9
|
| 050 4 ^aWB105^bจ118ภ 2543
|
| 245 10 ^aภาวะวิกฤตในหออภิบาลการบำบัดรักษาพยาบาล เล่ม 1/^cจงจิตต์ คณากูล
|
| 250 ^aพิมพ์ครั้งที่ 1.
|
| 260 ^aกรุงเทพฯ:^bศิริยอดการพิมพ์,^c2543
|
| 300 ^a 369 หน้า.
|
| 650 7 ^aการบำบัดรักษาพยาบาล
|
| 700 0 ^aภาวะวิกฤตในหออภิบาล
|
| 945 ^p0^l0^i17932
|
| 945 ^p0^l0^i17933
|
| 945 ^p0^l0^i17936 |
| 999 ^aลิขิตลักษณ์
|
| คุณยังไม่ได้ล็อกอิน คุณสามารถมีกิจกรรมร่วมกับเว็บไซต์ได้ แต่ต้องล็อกอินก่อน :: |
|
| ลำดับที่ |
ประเภท |
เลขเรียก/บาร์โค้ด |
สถานที่ |
สถานะ |
| 1. |
 หนังสือการพยาบาล | WB105 จ118ภ 2543 Barcode: 17932 | หนังสือทั่วไป | On Shelf |
| 2. |
 หนังสือการพยาบาล | WB105 จ118ภ 2543 ฉ.2 Barcode: 17933 | หนังสือทั่วไป | On Shelf |
| 3. |
 หนังสือการพยาบาล | WB105 จ118ภ 2543 ฉ.5 Barcode: 17936 | หนังสือทั่วไป | On Shelf |
| [แสดง 3/3 รายการ] |
mysqli: Can't create/write to file '/var/tmp/#sql_59d_0.MAI' (Errcode: 2)
select * from index_db where titl like '%ภาวะวิกฤตในหออภิบาลการบำบัดรักษาพยาบาล เล่ม 1/ จงจิตต์ คณากูล%' and mid<>'12288' order by rand() limit 3
mysqli: Can't create/write to file '/var/tmp/#sql_59d_0.MAI' (Errcode: 2)
select * from index_db where subj like '%การบำบัดรักษาพยาบาล%' and mid<>'12288' order by rand() limit 3
|
ยังไม่เคยถูกคอมเมนท์
|
| คอมเมนท์ทรัพยากรรายการนี้ |
|